Quick Math #3 - Statistics

General Stats
  • This quiz has been taken 62 times
  • The average score is 7 of 8
Answer Stats
Math Answer % Correct
50x4 200
100%
45x3 135
94%
400+102 502
94%
6079-79 6000
91%
2018-1008 1010
89%
312-200 112
89%
135x3 405
89%
1009-546 463
80%
No matching quizzes found
Score Distribution
Percent of People with Each Score
Percentile by Number Answered
Your Score History
You have not taken this quiz